| 000 | 01163cam a2200289 a 4500 | ||
|---|---|---|---|
| 005 | 20160112060848.0 | ||
| 008 | 960425s1996 mauab b 001 0 eng | ||
| 020 | _a0865424969 | ||
| 040 |
_aDLC _cDLC _dDLC |
||
| 041 | _aeng | ||
| 043 |
_an-us--- _an-cn--- |
||
| 044 | _axxu | ||
| 082 | 0 | 4 |
_a333.78316 _bN27n |
| 245 | 0 | 0 |
_aNational parks and protected areas : _btheir role in environmental protection / _cedited by R. Gerald Wright ; consulting editor, John Lemons. |
| 260 |
_aCambridge, Mass. : _bBlackwell Science, _cc1996. |
||
| 300 |
_axvi, 470 páginas : _bilustraciones y mapas ; _c26 cm. |
||
| 504 | _aIncluye referencias bibliográficas e índice. | ||
| 650 | 1 | 4 |
_aParques naturales _xAdministración _zEstados Unidos _949590 |
| 650 | 2 | 4 |
_aParques naturales _xAdministración _zCanada _949591 |
| 650 | 2 | 4 |
_aParques naturales _xConservación _949592 |
| 650 | 2 | 4 |
_aÁreas de conservación de recursos naturales _949593 |
| 650 | 2 | 4 |
_aConservación del medio ambiente _949594 |
| 650 | 2 | 4 |
_aConservación de los recursos naturales _949595 |
| 700 | 1 |
_aWright, R. Gerald., _eeditor. _949596 |
|
| 700 | 1 |
_aLemons, John., _eeditor. _949597 |
|
| 942 |
_2ddc _cLIBRO |
||
| 999 |
_c5025 _d5025 |
||